| 000 | 00615cab a2200229 4500 | ||
|---|---|---|---|
| 001 | ABS50475 | ||
| 008 | 090401t1994 xxu||||| |||| 00| 0 eng d | ||
| 035 | _a(Sirsi) u76000 | ||
| 041 | _aeng | ||
| 245 | _aRising land prices | ||
| 260 | _c1994 | ||
| 350 | _a0 | ||
| 490 |
_aBuilding Market Report _vApril 1994, 6-7(2) |
||
| 520 | _aForecasts that residential land prices will increase between 7-20% in 1994 and 1995. | ||
| 650 | _aHOUSE BUILDING | ||
| 650 | _aLAND PRICES | ||
| 650 | _aRESIDENTIAL BUILDING LAND | ||
| 690 | _aBUILT ENVIRONMENT | ||
| 690 | _aLAND | ||
| 942 | _n0 | ||
| 948 | _c04/03/1997 | ||
| 999 |
_c47818 _d47818 |
||